| 000 | 00629cam a2200241 4500 | ||
|---|---|---|---|
| 008 | 090401t1994 xxu||||| |||| 00| 0 eng d | ||
| 020 | _a0854599223 | ||
| 035 | _a(Sirsi) u76841 | ||
| 041 | _aeng | ||
| 050 | _a711.14 | ||
| 100 | _aDavies, Keith | ||
| 245 | 4 | _aThe law of compulsory purchase and compensation. | |
| 250 | _a5th ed. | ||
| 260 |
_aCroydon _bTolley Publishing Company Ltd. _c1994 |
||
| 300 | _axlviii,279p. ; 23cm. | ||
| 350 | _a59.5 | ||
| 650 |
_aCompulsory purchase _96228 |
||
| 650 | _aPLANNING | ||
| 650 | _aPROCEDURES | ||
| 690 | _aPLANNING LAW AND PRACTICE | ||
| 942 | _n0 | ||
| 948 | _c04/03/1997 | ||
| 999 |
_c96256 _d96256 |
||